00528nam a22001697a 4500003000400000008004100004020001800045082001600063245006700079260005500146300001700201365001800218650003800236650004000274650002300314650002100337OSt260627b |||||||| |||| 00| 0 eng d a9798885750165 a491.2bK96F a108 Facts About Sanskrit- You Didn't KnowcKurumathur, Paramu  aGurugram, HaryanabGARUDA PRAKASHAN PVT. LTDc2023 axiii., 461p. e1199.00, INR aSanskrit language $x Miscellanea. aSanskrit literature $x Miscellanea. aSanskrit language. aSanskrit trivia.